000 00700cam a2200217 a 4500
001 12038150
005 20250109103718.0
008 000612s2001 ctu b 001 0 eng
020 _a0300084285 (cloth : alk. paper)
020 _a0300084293 (paper : alk. paper)
041 1 _aeng
_hlat
050 0 0 _aHX810.5
_b.E54 2001
082 0 0 _a335/.02
_221
100 1 _aMore, Thomas,
_cSaint,
_d1478-1535.
245 1 0 _aUtopia /
_cThomas More ; translated and with an introduction by Clarence Miller.
260 _aNew Haven, CT :
_bYale University Press,
_cc2001.
300 _axxviii, 173 p. ;
_c21 cm.
650 0 _aUtopias
_vEarly works to 1800.
700 1 _aMiller, Clarence H.
942 _2lcc
_cBK
_n0
999 _c2484
_d2484